Normal view
MARC view
Entry Personal Name
001 - CONTROL NUMBER
- control field: 4925
003 - CONTROL NUMBER IDENTIFIER
- control field: OSt
005 - DATE AND TIME OF LATEST TRANSACTION
- control field: 20190429154025.0
008 - FIXED-LENGTH DATA ELEMENTS
- fixed length control field: 190429|| aca||aabn | a|a d
040 ## - CATALOGING SOURCE
- Original cataloging agency: OSt
- Transcribing agency: OSt
100 ## - HEADING--PERSONAL NAME
- Personal name: Kaushal, S.L.
670 ## - SOURCE DATA FOUND
- Source citation: Work cat.: (OSt): Singh, Balbir 4922, Impact of MGNREGA on agriculture sector in SIrmour and Solan districts of Himachal Pradesh, 2018
